| 000 | 00447nam a2200181Ia 4500 | ||
|---|---|---|---|
| 003 | OSt | ||
| 005 | 20230517115301.0 | ||
| 008 | 230312s9999||||xx |||||||||||||| ||und|| | ||
| 020 | _a0-470-94188-1 | ||
| 040 | _cSuperior University Lahore | ||
| 082 |
_a005.446 _bRAT-M |
||
| 100 | _aConsalvo;Mia | ||
| 245 | 4 | _aThe Handbook of internet studies | |
| 260 |
_bWiley _aUSA _c2010 |
||
| 300 | _a344 | ||
| 650 |
_aComputer _vComputer |
||
| 942 |
_cBK _2ddc |
||
| 999 |
_c15110 _d15110 |
||